000 00388nam a2200157Ia 4500
008 230917s9999||||xx |||||||||||||| ||und||
040 _e102521
_aMAIN
041 _aEnglish
082 _a658.4092 C498E
100 _aCivlla, Joanne B
245 0 _aEthics of leadership
250 _a1st ed.
260 _aAustralia, Canada, Maxico
_bThompson
_c2003
300 _a276 p.
942 _cBK
999 _c111151
_d111151